Rozvoj a problémy čínskej ekonomiky v roku 2002

Makroekonomický vývoj v Číne v roku 2002, jeho klady a zápory. Hlavné príčiny ekonomického rastu. Úspešný rozvoj čínsko-slovenského obchodu.

Gespeichert in:
Bibliographische Detailangaben
1. Verfasser: Guisen, Yuan
Format: Buchkapitel
Sprache:Slowakisch
Schlagworte:
Tags: Tag hinzufügen
Keine Tags, Fügen Sie das erste Tag hinzu!

MARC

LEADER 00000naa a2200000 4500
001 r049554
005 20230808082242.7
041 0 |a slo 
044 |a SK 
245 1 0 |a Rozvoj a problémy čínskej ekonomiky v roku 2002  |c Yuan Guisen 
520 |a Makroekonomický vývoj v Číne v roku 2002, jeho klady a zápory. Hlavné príčiny ekonomického rastu. Úspešný rozvoj čínsko-slovenského obchodu. 
610 2 0 |a vývoj hospodársky 
610 2 0 |a Čína 
610 2 0 |a ukazovatele makroekonomické 
610 2 0 |a rast hospodársky 
610 2 0 |a vzťahy hospodárske medzinárodné 
610 2 0 |a Slovensko 
610 2 0 |a obchod 
100 1 |a Guisen, Yuan